[Event "Minsk Zepter op"]
[Site "Minsk"]
[Date "1998.04.30"]
[Round "6"]
[White "Khmelnitsky, Sergei"]
[Black "Shcherbakov, Ruslan"]
[Result "1/2-1/2"]
[WhiteElo "2420"]
[BlackElo "2555"]
[PlyCount "63"]
[EventDate "1998.04.25"]
[EventType "swiss"]
[EventRounds "9"]
[EventCountry "BLR"]
[SourceTitle "CBM 064 Extra"]
[Source "ChessBase"]
[SourceDate "1998.07.07"]
[SourceVersion "1"]
[SourceVersionDate "1998.07.07"]
[SourceQuality "1"]

1. e4 c5 2. Nf3 Nc6 3. d4 cxd4 4. Nxd4 Nf6 5. Nc3 d6 6. f3 e6 7. Be3 Be7 8. Qd2 0-0 9. g4 Nxd4 10. Bxd4 Nd7 11. 0-0-0 a6 12. h4 b5 13. g5 Re8 14. Kb1 Rb8 15. Qg2 b4 16. Ne2 e5 17. Be3 Nb6 18. Ng3 Be6 19. b3 Qd7 20. Bxb6 Rxb6 21. Nf5 Bxf5 22. exf5 Qxf5 23. Bd3 Qf4 24. Be4 f5 25. gxf6 Qxf6 26. h5 Kh8 27. Qe2 a5 28. Qd3 Qh6 29. Qd5 Bg5 30. Qxa5 Be3 31. Rd5 Rbb8 32. Rb5 1/2-1/2

[Event "Minsk Zepter op"]
[Site "Minsk"]
[Date "1998.04.28"]
[Round "4"]
[White "Khmelnitsky, Sergei"]
[Black "Markowski, Tomasz"]
[Result "1/2-1/2"]
[WhiteElo "2420"]
[BlackElo "2505"]
[PlyCount "80"]
[EventDate "1998.04.25"]
[EventType "swiss"]
[EventRounds "9"]
[EventCountry "BLR"]
[SourceTitle "CBM 064 Extra"]
[Source "ChessBase"]
[SourceDate "1998.07.07"]
[SourceVersion "1"]
[SourceVersionDate "1998.07.07"]
[SourceQuality "1"]

1. e4 c5 2. Nf3 g6 3. d4 Bg7 4. c4 Qb6 5. dxc5 Qxc5 6. Be2 d6 7. 0-0 Nc6 8. a3 Bg4 9. b4 Qh5 10. Ra2 Nf6 11. Nc3 0-0 12. Bf4 Nxe4 13. Nxe4 Qf5 14. Nxd6 Qxf4 15. Nxb7 Rab8 16. Nc5 Rfd8 17. Qc1 Qf5 18. h3 Bxf3 19. Bxf3 Ne5 20. Be4 Qc8 21. Qc2 Rd4 22. Qa4 Nxc4 23. Qxa7 Nd2 24. Re1 Nxe4 25. Nxe4 Qd8 26. Nc5 e6 27. Rc2 Ra8 28. Qb7 Bf8 29. Qf3 Bxc5 30. bxc5 Rd3 31. Qe2 Rdxa3 32. c6 Qc7 33. g3 Ra1 34. Rxa1 Rxa1+ 35. Kg2 Ra8 36. h4 h5 37. Qc4 Rc8 38. Kh2 Rd8 39. Qc3 e5 40. Qc5 Kg7 1/2-1/2

[Event "Golden Cleopatra"]
[Site "Cairo"]
[Date "1998.03.12"]
[Round "2"]
[White "Himdan, Maher"]
[Black "Khmelnitsky, Sergei"]
[Result "1-0"]
[WhiteElo "2300"]
[BlackElo "2420"]
[PlyCount "43"]
[EventDate "1998.??.??"]
[EventType "schev"]
[EventRounds "10"]
[EventCountry "EGY"]
[SourceTitle "EXT 1999"]
[Source "ChessBase"]
[SourceDate "1998.11.16"]
[SourceVersion "1"]
[SourceVersionDate "1998.11.16"]
[SourceQuality "1"]

1. e4 c5 2. Nf3 d6 3. d4 cxd4 4. Nxd4 Nf6 5. Nc3 g6 6. Be3 Bg7 7. f3 0-0 8. Bc4 Nc6 9. Qd2 Bd7 10. g4 Rc8 11. Be2 Na5 12. Bh6 e5 13. Bxg7 Kxg7 14. Nb3 Be6 15. 0-0-0 b5 16. Bxb5 Qb6 17. Qxd6 Qe3+ 18. Kb1 Nxb3 19. axb3 Rfd8 20. Qxe5 Rc5 21. Qg3 Rxd1+ 22. Rxd1 1-0

[Event "Montecatini Terme op"]
[Site "Montecatini Terme"]
[Date "1998.??.??"]
[Round "3"]
[White "Drasko, Milan"]
[Black "Khmelnitsky, Sergei"]
[Result "1/2-1/2"]
[WhiteElo "2515"]
[BlackElo "2420"]
[PlyCount "52"]
[EventDate "1998.??.??"]
[EventType "swiss"]
[EventRounds "9"]
[EventCountry "ITA"]
[SourceTitle "EXT 2000"]
[Source "ChessBase"]
[SourceDate "1999.11.16"]
[SourceVersion "1"]
[SourceVersionDate "1999.11.16"]
[SourceQuality "1"]

1. Nf3 Nf6 2. c4 g6 3. d4 Bg7 4. g3 0-0 5. Bg2 d6 6. 0-0 Nbd7 7. Qc2 e5 8. Rd1 Re8 9. Nc3 c6 10. e4 exd4 11. Nxd4 Qe7 12. b3 a5 13. Rb1 Nc5 14. f3 Bd7 15. a3 Rad8 16. Be3 Bc8 17. b4 axb4 18. axb4 Ne6 19. Nb3 h5 20. Bb6 Rd7 21. Re1 h4 22. f4 hxg3 23. hxg3 Nh5 24. Ne2 g5 25. Bf3 Nf6 26. Ned4 Nxd4 1/2-1/2

[Event "Golden Cleopatra"]
[Site "Cairo"]
[Date "1998.??.??"]
[Round "5"]
[White "El Gindy, Essam"]
[Black "Khmelnitsky, Sergei"]
[Result "1-0"]
[WhiteElo "2485"]
[BlackElo "2420"]
[PlyCount "143"]
[EventDate "1998.??.??"]
[EventType "schev"]
[EventRounds "10"]
[EventCountry "EGY"]
[SourceTitle "EXT 1999"]
[Source "ChessBase"]
[SourceDate "1998.11.16"]
[SourceVersion "1"]
[SourceVersionDate "1998.11.16"]
[SourceQuality "1"]

1. d4 Nf6 2. c4 g6 3. Nc3 Bg7 4. e4 d6 5. f4 c5 6. d5 0-0 7. Nf3 e6 8. Be2 exd5 9. cxd5 Bg4 10. 0-0 Nbd7 11. Re1 Re8 12. h3 Bxf3 13. Bxf3 a6 14. a4 Rb8 15. a5 b5 16. axb6 Rxb6 17. Re2 Qb8 18. Ra2 h6 19. Qe1 Nh7 20. Kh2 c4 21. Be3 Rb3 22. Qd2 Qc8 23. Bd4 Bxd4 24. Qxd4 Qc5 25. Rd2 g5 26. Bd1 Rb7 27. fxg5 Nxg5 28. Ba4 Rc8 29. Bc6 Rbc7 30. Bxd7 Qxd4 31. Rxd4 Rxd7 32. Rxa6 Kf8 33. h4 Nh7 34. Nb5 Ke7 35. Na7 Rc5 36. Nc6+ Kf8 37. Ra8+ Kg7 38. Ra3 Nf6 39. Rg3+ Kf8 40. Rf3 Kg7 41. Rc3 Rb7 42. Rdxc4 Rxc4 43. Rxc4 Rxb2 44. Ne7 Ng4+ 45. Kg3 Rxg2+ 46. Kf4 Ne5 47. Nf5+ Kf6 48. Rc7 Rf2+ 49. Ke3 Rf3+ 50. Ke2 Rf4 51. Ke3 Rf3+ 52. Kd2 Rf4 53. Nxd6 Rxh4 54. Rc1 Rh3 55. Ke2 Ng4 56. Nc4 Ke7 57. Ra1 Rc3 58. Ra4 h5 59. Kd2 Rb3 60. d6+ Ke6 61. Ra7 Rb5 62. Re7+ Kf6 63. Re8 Rb7 64. e5+ Kg6 65. Re7 Rb5 66. Ke2 Nxe5 67. Nxe5+ Kf6 68. Nd7+ Kg7 69. Ne5 Kf6 70. Nc4 Rd5 71. Re8 Kg7 72. Ne3 1-0

[Event "Pardubice Czech op"]
[Site "Pardubice"]
[Date "1998.??.??"]
[Round "1"]
[White "Khmelnitsky, Sergei"]
[Black "Grabinsky, Vladimir"]
[Result "1-0"]
[WhiteElo "2395"]
[BlackElo "2230"]
[PlyCount "69"]
[EventDate "1998.07.??"]
[EventType "swiss"]
[EventRounds "9"]
[EventCountry "CZE"]
[SourceTitle "EXT 2000"]
[Source "ChessBase"]
[SourceDate "1999.11.16"]
[SourceVersion "1"]
[SourceVersionDate "1999.11.16"]
[SourceQuality "1"]

1. e4 c5 2. Nf3 d6 3. d4 cxd4 4. Nxd4 Nf6 5. Nc3 a6 6. Be3 Nc6 7. Qd2 e6 8. f3 Be7 9. g4 0-0 10. 0-0-0 Nxd4 11. Bxd4 Nd7 12. h4 b5 13. g5 Bb7 14. Bh3 Rc8 15. Kb1 b4 16. Ne2 a5 17. g6 hxg6 18. h5 Bg5 19. f4 Bxe4 20. fxg5 Rxc2 21. Qxc2 Bxc2+ 22. Kxc2 Qxg5 23. Kb1 Qxh5 24. Nf4 Qf3 25. Nxe6 Rb8 26. Ng5 Qc6 27. Rhf1 f5 28. Rf2 Re8 29. Rc2 Qb5 30. Bf1 Qb7 31. Bg2 d5 32. Bf3 a4 33. Rh2 Qb5 34. Rh7 Ne5 35. Rdh1 1-0

[Event "Pardubice Czech op"]
[Site "Pardubice"]
[Date "1998.??.??"]
[Round "7"]
[White "Khmelnitsky, Sergei"]
[Black "Woerdemann, Martin"]
[Result "1-0"]
[WhiteElo "2395"]
[BlackElo "2295"]
[PlyCount "61"]
[EventDate "1998.07.??"]
[EventType "swiss"]
[EventRounds "9"]
[EventCountry "CZE"]
[SourceTitle "EXT 2000"]
[Source "ChessBase"]
[SourceDate "1999.11.16"]
[SourceVersion "1"]
[SourceVersionDate "1999.11.16"]
[SourceQuality "1"]

1. e4 d5 2. exd5 Qxd5 3. Nc3 Qa5 4. d4 c6 5. Nf3 Nf6 6. Bc4 Bf5 7. Bd2 e6 8. Ne4 Qb6 9. Nxf6+ gxf6 10. Bb3 Bb4 11. c3 Bd6 12. Nh4 Bg6 13. Qe2 Qc7 14. 0-0-0 Nd7 15. g3 0-0-0 16. Nxg6 hxg6 17. h4 Rh7 18. Kb1 f5 19. c4 c5 20. Bg5 f6 21. Be3 e5 22. dxc5 Bxc5 23. Rd5 Bxe3 24. Qxe3 Qb6 25. c5 Qc7 26. Rhd1 Rhh8 27. a3 Nb8 28. Rxd8+ Rxd8 29. Be6+ Nd7 30. Rd6 Qa5 31. Qd3 1-0

[Event "Golden Cleopatra"]
[Site "Cairo"]
[Date "1998.??.??"]
[Round "6"]
[White "Khmelnitsky, Sergei"]
[Black "Yasseen, Aly"]
[Result "1-0"]
[WhiteElo "2420"]
[BlackElo "2325"]
[PlyCount "117"]
[EventDate "1998.??.??"]
[EventType "schev"]
[EventRounds "10"]
[EventCountry "EGY"]
[SourceTitle "EXT 1999"]
[Source "ChessBase"]
[SourceDate "1998.11.16"]
[SourceVersion "1"]
[SourceVersionDate "1998.11.16"]
[SourceQuality "1"]

1. e4 c5 2. Nf3 d6 3. d4 cxd4 4. Nxd4 Nf6 5. Nc3 Nc6 6. f3 e5 7. Nb3 Be6 8. Be3 Be7 9. Nd5 0-0 10. Qd2 Bxd5 11. exd5 Nb8 12. Be2 a5 13. 0-0 Nbd7 14. c4 Nh5 15. Rfd1 a4 16. Nc1 f5 17. Nd3 g5 18. c5 f4 19. Bf2 Ng7 20. c6 bxc6 21. dxc6 Nf6 22. Nb4 Kh8 23. Qc2 Qa5 24. Qc4 a3 25. b3 Rab8 26. Nd5 Nxd5 27. Rxd5 Qc7 28. Bd3 Ne8 29. Rb5 Nf6 30. Rxb8 Rxb8 31. Be4 Nxe4 32. fxe4 Bd8 33. b4 g4 34. b5 g3 35. hxg3 fxg3 36. Bxg3 Qa7+ 37. Kh1 Bb6 38. Rf1 Qa8 39. Bf2 Rg8 40. Qxg8+ Qxg8 41. Bxb6 Qxa2 42. c7 Qg8 43. Rc1 Qc8 44. Ba5 a2 45. b6 Kg7 46. Ra1 Qe6 47. Rxa2 Qxa2 48. c8Q Qxa5 49. Qc7+ Kg6 50. Qxd6+ Kg5 51. Kh2 Qb5 52. Qe7+ Kf4 53. b7 Ke3 54. Qc7 Qe8 55. Qc3+ Ke2 56. Qc8 Qh5+ 57. Kg1 Qh4 58. Qc2+ Ke3 59. Qc3+ 1-0

[Event "Wch U16"]
[Site "Yerevan"]
[Date "1997.10.01"]
[Round "10"]
[White "Wortel, Marten"]
[Black "Khmelnitsky, Sergei"]
[Result "0-1"]
[WhiteElo "2255"]
[BlackElo "2380"]
[PlyCount "66"]
[EventDate "1997.09.21"]
[EventType "swiss"]
[EventRounds "11"]
[EventCountry "ARM"]
[SourceTitle "EXT 2008"]
[Source "ChessBase"]
[SourceDate "2007.11.25"]
[SourceVersion "1"]
[SourceVersionDate "2007.11.25"]
[SourceQuality "1"]

1. e4 c5 2. Nf3 d6 3. d4 cxd4 4. Nxd4 Nf6 5. Nc3 g6 6. Be3 Bg7 7. f3 Nc6 8. Qd2 0-0 9. 0-0-0 d5 10. Qe1 e5 11. Nxc6 bxc6 12. exd5 Nxd5 13. Bc4 Be6 14. Ne4 Qc7 15. Bc5 Rfd8 16. g4 Nf4 17. Bxe6 Nxe6 18. Bd6 Qb6 19. Qh4 Qe3+ 20. Kb1 Qxf3 21. Rde1 g5 22. Qh5 f5 23. Be7 Rdb8 24. Nf6+ Bxf6 25. Bxf6 Rxb2+ 26. Kxb2 Rb8+ 27. Kc1 Qf4+ 28. Kd1 Rb1+ 29. Ke2 Nd4+ 30. Kd3 Rd1+ 31. Rxd1 Qe4+ 32. Kc4 Qxc2+ 33. Kb4 c5+ 0-1

[Event "UKR-ch U16"]
[Site "Kiev"]
[Date "1997.??.??"]
[Round "?"]
[White "Boldyrev, Anton"]
[Black "Khmelnitsky, Sergei"]
[Result "0-1"]
[WhiteElo "2250"]
[BlackElo "2305"]
[PlyCount "80"]
[EventDate "1997.??.??"]
[EventType "tourn"]
[EventRounds "9"]
[EventCountry "UKR"]
[SourceTitle "EXT 2002"]
[Source "ChessBase"]
[SourceDate "2001.11.25"]
[SourceVersion "1"]
[SourceVersionDate "2001.11.25"]
[SourceQuality "1"]

1. Nf3 d6 2. d4 Nf6 3. c4 g6 4. Nc3 Bg7 5. Bf4 Nh5 6. Bg5 h6 7. Bh4 g5 8. Bg3 c5 9. e3 Nc6 10. d5 Nxg3 11. hxg3 Ne5 12. Be2 Qa5 13. Qc2 Bd7 14. 0-0 Nxf3+ 15. gxf3 0-0-0 16. a3 f5 17. Rfb1 h5 18. b4 Qc7 19. Ra2 Bxc3 20. Qxc3 f4 21. bxc5 dxc5 22. Kg2 fxg3 23. fxg3 h4 24. Qe1 g4 25. f4 Bf5 26. Rd1 hxg3 27. Qxg3 Rh3 28. Qxg4 Qd7 29. Qg7 Rdh8 30. Rg1 Rh2+ 31. Kf1 Qa4 32. Qc3 Kb8 33. Qe5+ Ka8 34. Qxf5 Qb3 35. Rg2 Rxg2 36. Kxg2 Qxa2 37. Kf3 Qa1 38. Ke4 Qb1+ 39. Bd3 Qh1+ 40. Ke5 Rh5 0-1

[Event "SVK-ch"]
[Site "Presov"]
[Date "1997.??.??"]
[Round "7"]
[White "Khmelnitsky, Sergei"]
[Black "Koutsin, Sergey"]
[Result "1-0"]
[WhiteElo "2305"]
[BlackElo "2400"]
[PlyCount "107"]
[EventDate "1997.??.??"]
[EventType "swiss"]
[EventRounds "9"]
[EventCountry "SVK"]
[SourceTitle "EXT 1998"]
[Source "ChessBase"]
[SourceDate "1997.11.17"]
[SourceVersion "1"]
[SourceVersionDate "1997.11.17"]
[SourceQuality "1"]

1. e4 e6 2. d4 d5 3. Nc3 Bb4 4. exd5 exd5 5. Bd3 c6 6. h3 Qf6 7. Nf3 Bf5 8. 0-0 h6 9. Qe1+ Be7 10. Ne5 Nd7 11. b4 Bxd3 12. cxd3 Nxe5 13. dxe5 Qf5 14. d4 Bxb4 15. Nb5 Bxe1 16. Nd6+ Kd7 17. Nxf5 g6 18. Nd6 Bc3 19. Rb1 b5 20. Rd1 f6 21. Rd3 b4 22. Bb2 Bxb2 23. Rxb2 a5 24. a3 fxe5 25. Nf7 e4 26. Rg3 Rh7 27. Ne5+ Kc7 28. axb4 Ne7 29. bxa5 Nf5 30. Rc3 Nxd4 31. Nxc6 Nxc6 32. Rb6 Rxa5 33. Rcxc6+ Kd8 34. Rb8+ Kd7 35. Rxg6 Ra1+ 36. Kh2 Kc7 37. Rbb6 Rd7 38. Rgc6+ Kd8 39. Rxh6 d4 40. Rhd6 Raa7 41. Rxd7+ Rxd7 42. Rb1 d3 43. g4 Rf7 44. Kg3 Rf3+ 45. Kg2 d2 46. Rd1 Rd3 47. h4 Kc7 48. h5 Kc6 49. h6 Rd6 50. Rxd2 Rxh6 51. Kg3 Rh1 52. Kf4 Rg1 53. Kxe4 Rxg4+ 54. f4 1-0

[Event "Frydek Mistek op-A"]
[Site "Frydek Mistek"]
[Date "1997.??.??"]
[Round "7"]
[White "Khmelnitsky, Sergei"]
[Black "Lybin, Dmitry Vitalievich"]
[Result "1/2-1/2"]
[WhiteElo "2305"]
[BlackElo "2405"]
[PlyCount "109"]
[EventDate "1997.??.??"]
[EventType "swiss"]
[EventRounds "9"]
[EventCountry "CZE"]
[SourceTitle "EXT 1998"]
[Source "ChessBase"]
[SourceDate "1997.11.17"]
[SourceVersion "1"]
[SourceVersionDate "1997.11.17"]
[SourceQuality "1"]

1. e4 e5 2. Nf3 d6 3. d4 Nd7 4. Bc4 c6 5. dxe5 dxe5 6. Ng5 Nh6 7. 0-0 Bc5 8. Qh5 Qe7 9. Ne6 Nb6 10. Nxg7+ Kd7 11. Bb3 Ng8 12. Nf5 Qf8 13. Qxf7+ Qxf7 14. Bxf7 Kc7 15. Nc3 Bd7 16. Be3 Bb4 17. f4 Bxf5 18. exf5 Nh6 19. Be6 Ng4 20. Bxb6+ axb6 21. Ne4 Ne3 22. Rf2 exf4 23. c3 Bf8 24. Rxf4 h5 25. Rf3 Bh6 26. Re1 Ng4 27. Rd3 Rad8 28. Red1 Rxd3 29. Rxd3 Ne5 30. Rh3 Kd8 31. Kf1 Bc1 32. Rg3 Bh6 33. Ke2 Ke7 34. Rg8 Rxg8 35. Bxg8 Ng4 36. Be6 Nf6 37. Nxf6 Kxf6 38. Bc8 c5 39. g3 b5 40. Kd3 b6 41. b4 Bf8 42. a3 Bd6 43. Bd7 cxb4 44. cxb4 Be5 45. Ke4 Bb2 46. h4 Be5 47. Bxb5 Bxg3 48. Be2 Bxh4 49. Bxh5 Bg5 50. Bd1 Bc1 51. a4 Bd2 52. a5 bxa5 53. b5 Bb4 54. b6 Bc5 55. b7 1/2-1/2

[Event "UKR-ch U16"]
[Site "Kiev"]
[Date "1997.??.??"]
[Round "?"]
[White "Khmelnitsky, Sergei"]
[Black "Malykin, Vitaly"]
[Result "1-0"]
[WhiteElo "2305"]
[BlackElo "2285"]
[PlyCount "159"]
[EventDate "1997.??.??"]
[EventType "tourn"]
[EventRounds "9"]
[EventCountry "UKR"]
[SourceTitle "EXT 2002"]
[Source "ChessBase"]
[SourceDate "2001.11.25"]
[SourceVersion "1"]
[SourceVersionDate "2001.11.25"]
[SourceQuality "1"]

1. e4 e6 2. d4 d5 3. Nc3 Nf6 4. e5 Nfd7 5. f4 c5 6. Nf3 Nc6 7. Be3 cxd4 8. Nxd4 Qb6 9. Ncb5 a6 10. Nf5 Bc5 11. Bxc5 Nxc5 12. Nbd6+ Kf8 13. Nd4 Ne4 14. Nxe4 Qxd4 15. Qxd4 Nxd4 16. 0-0-0 Nc6 17. Nd2 Bd7 18. Nf3 Ke7 19. Kd2 f6 20. Ke3 fxe5 21. Nxe5 Nxe5 22. fxe5 Bb5 23. a3 Bxf1 24. Rhxf1 Rhf8 25. b3 Rac8 26. Kd3 Kd7 27. c3 Ke7 28. a4 Kd7 29. Kd4 Kc6 30. Rc1 Rcd8 31. Rb1 Rc8 32. Ra1 Rce8 33. Rae1 Rb8 34. Ra1 Rbe8 35. g3 Ra8 36. Rae1 Rae8 37. Rd1 Rd8 38. Rc1 Kb6 39. Rb1 Kc6 40. Rbe1 Ra8 41. Ra1 Rab8 42. g4 Rbc8 43. h4 Kd7 44. Rab1 Ke7 45. Rbc1 Kd7 46. Rcd1 Ke7 47. Rde1 Kd7 48. Ra1 Ke7 49. a5 Kd7 50. Kd3 Ke7 51. Rxf8 Rxf8 52. Ra4 Rf3+ 53. Kd2 Kd7 54. Rb4 Kc8 55. h5 Kc7 56. Rb6 Rg3 57. Rxe6 Rxg4 58. h6 gxh6 59. Rxh6 Re4 60. Rxh7+ Kc8 61. Rh5 Kc7 62. Kd3 Kc6 63. Rh6+ Kc7 64. Re6 Re1 65. Kd4 Rd1+ 66. Kc5 Rd3 67. Re7+ Kc8 68. Kd6 Kb8 69. e6 d4 70. Re8+ Ka7 71. cxd4 Rxd4+ 72. Ke5 Rd1 73. Rc8 Re1+ 74. Kd6 Rd1+ 75. Kc7 Re1 76. Kd7 Rd1+ 77. Ke8 b6 78. e7 Kb7 79. Rd8 Rf1 80. Kd7 1-0

[Event "Bucharest TICC"]
[Site "Bucharest"]
[Date "1997.??.??"]
[Round "?"]
[White "Khmelnitsky, Sergei"]
[Black "Sanduleac, Vasile"]
[Result "0-1"]
[WhiteElo "2305"]
[BlackElo "2430"]
[PlyCount "52"]
[EventDate "1997.??.??"]
[EventType "tourn"]
[EventRounds "14"]
[EventCountry "ROU"]
[EventCategory "5"]
[SourceTitle "EXT 2001"]
[Source "ChessBase"]
[SourceDate "2000.11.22"]
[SourceVersion "1"]
[SourceVersionDate "2000.11.22"]
[SourceQuality "1"]

1. e4 g6 2. d4 Bg7 3. Nc3 c6 4. Nf3 d5 5. h3 Nf6 6. e5 Ne4 7. Nxe4 dxe4 8. Ng5 c5 9. d5 Bxe5 10. Nxe4 0-0 11. Be2 Bf5 12. Ng3 Qd7 13. 0-0 Na6 14. c4 Nc7 15. Be3 b6 16. Nxf5 Qxf5 17. Rb1 Bf4 18. Bxf4 Qxf4 19. Bf3 Rad8 20. Qa4 Nxd5 21. Bxd5 Rxd5 22. g3 Rg5 23. Qxa7 Qxc4 24. Qxe7 Rh5 25. h4 Qxa2 26. Qf6 Qb3 0-1

[Event "Bucharest TICC"]
[Site "Bucharest"]
[Date "1997.??.??"]
[Round "?"]
[White "Khmelnitsky, Sergei"]
[Black "Sofronie, Iulian"]
[Result "1/2-1/2"]
[WhiteElo "2305"]
[BlackElo "2415"]
[PlyCount "90"]
[EventDate "1997.??.??"]
[EventType "tourn"]
[EventRounds "14"]
[EventCountry "ROU"]
[EventCategory "5"]
[SourceTitle "EXT 2001"]
[Source "ChessBase"]
[SourceDate "2000.11.22"]
[SourceVersion "1"]
[SourceVersionDate "2000.11.22"]
[SourceQuality "1"]

1. e4 e5 2. Nf3 Nc6 3. Bb5 a6 4. Ba4 Nf6 5. 0-0 b5 6. Bb3 Bb7 7. Re1 Bc5 8. c3 d6 9. d4 Bb6 10. Bg5 h6 11. Bh4 Qe7 12. a4 0-0-0 13. axb5 axb5 14. Na3 g5 15. Bg3 Na7 16. dxe5 dxe5 17. Qc2 Nh5 18. c4 Nxg3 19. hxg3 Nc6 20. c5 Nb4 21. Qc3 Qxc5 22. Qxc5 Bxc5 23. Bxf7 Nd3 24. Re2 Kb8 25. Be6 Rhe8 26. Bf5 c6 27. Kf1 Kc7 28. Rd2 Rd6 29. Ne1 Red8 30. Nxd3 Rxd3 31. Rc2 Kb6 32. Ke2 Bb4 33. Rb1 c5 34. Rh1 Rd2+ 35. Kf3 Bxa3 36. Rxd2 Rxd2 37. Rxh6+ Ka5 38. bxa3 c4 39. Re6 Rd3+ 40. Ke2 Rxa3 41. Rxe5 Ra2+ 42. Ke3 Ra3+ 43. Ke2 Ra2+ 44. Ke3 Ra3+ 45. Kd2 Ra2+ 1/2-1/2

[Event "SVK-ch"]
[Site "Presov"]
[Date "1997.??.??"]
[Round "6"]
[White "Priehoda, Vitezslav"]
[Black "Khmelnitsky, Sergei"]
[Result "1/2-1/2"]
[WhiteElo "2425"]
[BlackElo "2305"]
[PlyCount "36"]
[EventDate "1997.??.??"]
[EventType "swiss"]
[EventRounds "9"]
[EventCountry "SVK"]
[SourceTitle "EXT 1998"]
[Source "ChessBase"]
[SourceDate "1997.11.17"]
[SourceVersion "1"]
[SourceVersionDate "1997.11.17"]
[SourceQuality "1"]

1. d4 Nf6 2. c4 g6 3. Nc3 Bg7 4. e4 d6 5. f3 0-0 6. Bg5 c5 7. d5 e6 8. Qd2 exd5 9. cxd5 a6 10. a4 Re8 11. Nge2 Nbd7 12. Ng3 Rb8 13. Be2 Qc7 14. 0-0 c4 15. Rfc1 b5 16. axb5 axb5 17. b4 cxb3 18. Nxb5 Qb6+ 1/2-1/2

[Event "Frydek Mistek op-A"]
[Site "Frydek Mistek"]
[Date "1997.??.??"]
[Round "2"]
[White "Taus, Martin"]
[Black "Khmelnitsky, Sergei"]
[Result "0-1"]
[WhiteElo "2185"]
[BlackElo "2305"]
[PlyCount "66"]
[EventDate "1997.??.??"]
[EventType "swiss"]
[EventRounds "9"]
[EventCountry "CZE"]
[SourceTitle "EXT 1998"]
[Source "ChessBase"]
[SourceDate "1997.11.17"]
[SourceVersion "1"]
[SourceVersionDate "1997.11.17"]
[SourceQuality "1"]

1. d4 Nf6 2. c4 g6 3. Nc3 Bg7 4. e4 d6 5. h3 0-0 6. Bg5 c5 7. d5 e6 8. Bd3 h6 9. Bd2 Re8 10. Nge2 Nbd7 11. b3 exd5 12. exd5 Nh5 13. 0-0 Ne5 14. Bc2 f5 15. f4 Nf7 16. Rf3 Nf6 17. Rc1 Bd7 18. Be1 a6 19. a4 Rb8 20. Bh4 g5 21. fxg5 hxg5 22. Be1 f4 23. h4 Ne5 24. Rf1 Nfg4 25. Bd2 Rf8 26. hxg5 Qxg5 27. Bxf4 Qh5 28. Bg3 Ne3 29. Rxf8+ Rxf8 30. Qd2 Bh6 31. Nf4 Rxf4 32. Bxf4 Bxf4 33. g3 Nf3+ 0-1

[Event "Yalta op"]
[Site "Yalta"]
[Date "1995.??.??"]
[Round "4"]
[White "Khmelnitsky, Sergei"]
[Black "Sulypa, Oleksandr"]
[Result "0-1"]
[WhiteElo "2200"]
[BlackElo "2430"]
[PlyCount "62"]
[EventDate "1995.??.??"]
[EventType "swiss"]
[EventRounds "9"]
[EventCountry "UKR"]
[SourceTitle "CBM 047 Extra"]
[Source "ChessBase"]
[SourceDate "1995.09.01"]
[SourceVersion "1"]
[SourceVersionDate "1995.09.01"]
[SourceQuality "1"]

1. e4 c5 2. Nf3 d6 3. d4 cxd4 4. Nxd4 Nf6 5. Nc3 a6 6. Be3 e5 7. Nb3 Be6 8. Qd2 Be7 9. f3 0-0 10. g4 d5 11. g5 d4 12. gxf6 Bxf6 13. Bxd4 exd4 14. Ne2 Nc6 15. 0-0-0 Qb6 16. f4 Rfd8 17. Ng3 Rac8 18. Nh5 Nb4 19. Nxf6+ gxf6 20. Qg2+ Kf8 21. Bd3 Nxa2+ 22. Kd2 Bxb3 23. cxb3 Qxb3 24. Ke2 Nb4 25. Qh3 Rc2+ 26. Ke1 Nxd3+ 27. Qxd3 Qxb2 28. e5 Rc3 29. Qd2 Re3+ 30. Kf1 Qb5+ 31. Kg1 fxe5 0-1